Priestor pre nové projekty sa zužuje

Správne rozhodnutie o umiestnení výrobného závodu si vyžaduje zohľadniť celý rad faktorov. Dopravné napojenia na cieľové trhy a zákazníkov v rámci logistických modelov, tvoria prvú skupinu kritérií pre výber lokality. Druhá skupina faktorov sa týka technických aspektov plánovannej výroby. Ak na ne f...

ver descrição completa

Na minha lista:
Detalhes bibliográficos
Formato: Capítulo de Livro
Idioma:eslovaco
Assuntos:
Tags: Adicionar Tag
Sem tags, seja o primeiro a adicionar uma tag!

MARC

LEADER 00000naa a2200000 4500
001 0241984
005 20180413075027.3
041 0 |a slo 
044 |a SK 
245 1 0 |a Priestor pre nové projekty sa zužuje 
520 |a Správne rozhodnutie o umiestnení výrobného závodu si vyžaduje zohľadniť celý rad faktorov. Dopravné napojenia na cieľové trhy a zákazníkov v rámci logistických modelov, tvoria prvú skupinu kritérií pre výber lokality. Druhá skupina faktorov sa týka technických aspektov plánovannej výroby. Ak na ne firma pri výbere dôsledne prihliada, pomáhajú aby rýchlo, efektívne a čo najmenej rizikovo zvládla výstavbu závodu a pripravila spustenie výroby. Dostupnosť kvalifikovanej pracovnej sily patrí do tretej skupiny faktorov. Príklad priemyselného parku PPGemer Industrial Park. 
610 2 0 |a priemysel 
610 2 0 |a podnik výrobný 
610 2 0 |a Slovensko 
610 2 0 |a parky priemyselné 
610 2 0 |a projekty investičné 
610 2 0 |a rozhodovanie manažérske 
610 2 0 |a rozhodovanie strategické